000 00207nam a2200097Ia 4500
008 240331s9999 xx 000 0 und d
082 _bJOS
100 _aJoseph,S
245 0 _aInterrogating culture
942 _cL
999 _c2637
_d2637